000 00368 a2200109 4500
001 ART_49528
005 20260410161955.0
008 260409a
245 1 0 _aEl pronto pago de privilegio especial prioritario en los cuncursos y quiebras
100 1 _aFerro, Carlos A.
773 0 _tTemas de derecho comercial
_g- Año 5, N° 8 (ago. 2019)
_wREV28151
999 _c30705
_d30705